Avicultura: características generales de las aves, anatomía, fisiología y razas de las aves de corral
Kaydedildi:
| Asıl Yazarlar: | , |
|---|---|
| Materyal Türü: | Kitap |
| Dil: | İspanyolca |
| Baskı/Yayın Bilgisi: |
Ciudad de México
Herreros Hermanos
1973
|
| Konular: | |
| Etiketler: |
Etiketle
Etiket eklenmemiş, İlk siz ekleyin!
|
MARC
| LEADER | 00000nam a2200000 a 4500 | ||
|---|---|---|---|
| 001 | UCS9497 | ||
| 003 | CL-VaPUC | ||
| 008 | 971121e19730000MX |||||||||||||||||spa|d | ||
| 082 | 0 | 4 | |a 636.5 |b PRI |2 21 |
| 100 | 0 | |a Price, Charles J |e author |9 394630 | |
| 700 | 0 | |a Reed, Josephine E |e author |9 394631 | |
| 245 | 1 | 0 | |a Avicultura: características generales de las aves, anatomía, fisiología y razas de las aves de corral |
| 300 | |a v | ||
| 942 | |c BK | ||
| 945 | |d 19971121 00:00:00 |a jquezada | ||
| 260 | |a Ciudad de México |b Herreros Hermanos |c 1973 | ||
| 650 | 0 | |a Aves |9 262192 | |
| 650 | 7 | |a AVES DE CORRAL |2 CL-VaPUC |9 394632 | |
| 650 | 7 | |a AVICULTURA |2 CL-VaPUC |9 394633 | |
| 650 | 0 | |a Producción |9 263680 | |
| 650 | 0 | |a Reproducción |9 269783 | |
| 650 | 7 | |a PONEDORAS |2 CL-VaPUC |9 394634 | |
| 650 | 7 | |a JAULAS |2 CL-VaPUC |9 393932 | |
| 650 | 0 | |a Anatomía |9 261202 | |
| 583 | |a last modification |c 19971121 00:00:00 |k Rodrigo Vera | ||
| 999 | |c 263294 |d 263292 | ||
| 952 | |0 0 |1 1 |2 ddc |4 0 |6 636_500000000000000_PRI_1973 |7 0 |8 P |9 292505 |a BIBAGR |b BIBAGR |d 2019-11-19 |h v.2 |i 3365638 |o 636.5 PRI 1973 |p 3365638 |r 2019-11-19 |w 2019-11-19 |y BK |k AGR | ||